000
00294nam a22001217a 4500
008
251121b |||||||| |||| 00| 0 eng d
100
_a
U.A. Bakshi
245
_a
Control System Engineering 2nd Ed.
250
_a
2nd Ed.
260
_a
Pune
_b
Technical
_c
2003
300
_a
960
942
_2
ddc
_c
BK
999
_c
21624
_d
21624